Vista normal
Vista MARC
Entrada Autoridad Autor Personal
Número de registros utilizados en: 1
001 - CONTROL NUMBER
- control field: 25664
003 - CONTROL NUMBER IDENTIFIER
- control field: OSt
005 - DATE AND TIME OF LATEST TRANSACTION
- control field: 20231102145918.0
008 - FIXED-LENGTH DATA ELEMENTS
- fixed length control field: 151019|| aca||aabn | a|a d
040 ## - CATALOGING SOURCE
- Original cataloging agency: OSt
- Transcribing agency: OSt
100 ## - HEADING--PERSONAL NAME
- Personal name: Barragan Codina José N.
- Relator term: autor
670 ## - SOURCE DATA FOUND
- Source citation: Work cat.: (OSt)64162: Barragan Codina José N. autor, Administración de las pequeñas y medianas empresas, ,2002